Gaming Quiz

Random Gaming or Video Games Quiz

League of Legends Champions By Ultimate Quiz Stats

 Plays Quiz Updated Jun 14, 2018

Challenge
Share
Tweet
Embed
Score 0/141 Timer 15:00
36 Plays Today
Ultimate Ability Champion % Correct
GNAR!Gnar
85%
Summon: TibbersAnnie
84.4%
Curse of the Sad MummyAmumu
84%
Spider Form / Human FormElise
83.7%
Super Mega Death Rocket!Jinx
83.7%
Enchanted Crystal ArrowAshe
82.9%
Transform: Mercury Cannon/HammerJayce
81.8%
Mega Inferno BombZiggs
81%
Demacian JusticeGaren
80.4%
Tidal WaveNami
80.2%
Let's Bounce!Zac
79.2%
Aspect of the CougarNidalee
79%
Noxian GuillotineDarius
79%
Undying RageTryndamere
78.2%
CrescendoSona
78.2%
FeastCho'Gath
78%
Phoenix StanceUdyr
77.7%
Daisy!Ivern
77.7%
RiftwalkKassadin
76.9%
Spray and PrayTwitch
76.8%
CrowstormFiddlesticks
76.7%
Lunar RushDiana
76.4%
Solar FlareLeona
76.2%
MantraKarma
75.9%
Ace in the HoleCaitlyn
75.8%
Death MarkZed
75.8%
UPGRADE!!!Heimerdinger
75.2%
Chum the WatersFizz
74.7%
The BoxThresh
74.5%
Bullet TimeMiss Fortune
74.4%
Command: ShockwaveOrianna
74.2%
Absolute ZeroNunu
73.9%
Grand SkyfallPantheon
73.9%
Thrill of the HuntRengar
73.6%
PyroclasmBrand
72.6%
StranglethornsZyra
72.6%
Chaaaaaaaarge!!!Kled
72.2%
MimicLeBlanc
72.1%
Dragon's DescentShyvana
71.9%
ChronobreakEkko
71.5%
Insanity PotionSinged
71.3%
Curtain CallJhin
71.2%
Fear Beyond DeathUrgot
70.9%
WishSoraka
70.3%
Call of the Forge GodOrnn
70.3%
FeatherstormXayah
70.2%
Emperor's DivideAzir
69.9%
Ultimate Ability Champion % Correct
ParanoiaNocturne
69.9%
RequiemKarthus
69.9%
Thunder ClawsVolibear
69.4%
Lifeform Disintegration RayVel'Koz
69.4%
ChronoshiftZilean
69.4%
MonsoonJanna
69.3%
Final SparkLux
69.2%
HemoplagueVladimir
68.8%
Trueshot BarrageEzreal
68.5%
Stand UnitedShen
68.3%
RagnarokOlaf
68%
The CullingLucian
67.8%
CataclysmJarvan IV
67.6%
Lamb's RespiteKindred
67.4%
Fury of the SandsNasus
67.4%
Blade of the ExileRiven
67%
Explosive CaskGragas
67%
Petrifying GazeCassiopeia
66.9%
Portal JumpZoe
66.6%
Living ArtilleryKog'Maw
66.2%
Death LotusKatarina
66.1%
Noxious TrapTeemo
65.9%
Glacial StormAnivia
65.1%
Grand ChallengeFiora
65%
Assault and BatteryVi
65%
Cannon BarrageGangplank
63.5%
The EqualizerRumble
63.4%
Frozen TombLissandra
63.3%
Unstoppable ForceMalphite
63.3%
DestinyTwisted Fate
63.1%
Wild GrowthLulu
62.7%
Ravenous FlockSwain
62.5%
Chain of CorruptionVarus
61.9%
Transcendant BladesIrelia
61.2%
Glacial PrisonSejuani
60.8%
Weaver's WallTaliyah
60%
Grandmaster's MightJax
59.9%
HighlanderMaster Yi
59.8%
Soul ShacklesMorgana
59.7%
HallucinateShaco
59.6%
Buster ShotTristana
59.2%
TremorsRammus
58.5%
Spirit RushAhri
57.9%
SadismDr. Mundo
57.8%
Eulogy of the IslesYorick
57.5%
Children of the GraveMordekaiser
56.5%
Glacial FissureBraum
56.3%
Ultimate Ability Champion % Correct
Depth ChargeNautilus
56%
InterventionKayle
56%
Keeper's VerdictPoppy
56%
Collateral DamageGraves
55.8%
Death From BelowPyke
54.6%
Hero's EntranceGalio
54.6%
Missile BarrageCorki
54.3%
Nether GraspMalzahar
53.8%
Last BreathYasuo
53.2%
Void AssaultKha'Zix
51.5%
Shadow DanceAkali
51.2%
Infinite DuressWarwick
51.1%
Hextech UltimatumCamille
50.8%
Slicing MaelstromKennen
50.6%
Dragon's RageLee Sin
50.6%
Chaos StormViktor
50.2%
Behind Enemy LinesQuinn
49.6%
Void RushRek'Sai
49.2%
Unstoppable OnslaughtSion
49.1%
DominusRenekton
48.4%
Static FieldBlitzcrank
47.8%
Primordial BurstVeigar
47.1%
Abyssal VoyageTahm Kench
46.8%
The QuicknessRakan
46.6%
Final HourVayne
46.2%
Rite of the ArcaneXerath
44.5%
Crescent SweepXin Zhao
44.5%
Realm WarpRyze
44%
On the HuntSivir
42.6%
Unleashed PowerSyndra
42.2%
Umbral TrespassKayn
41.1%
Onslaught of ShadowsHecarim
41.1%
Unbreakable WillAlistar
41%
Tempered FateBard
39.9%
Voice of LightAurelion Sol
39.7%
Agony's EmbraceEvelynn
39.4%
Nature's GraspMaokai
38.5%
Whirling DeathDraven
38.2%
SubjugateTrundle
37.9%
Cosmic RadianceTaric
37.6%
CycloneWukong
37.2%
Shadow AssaultTalon
36.5%
ImpaleSkarner
36.4%
MassacreAatrox
35.8%
Fate's CallKalista
33.4%
Killer InstinctKai'Sa
32.5%
Leap of FaithIllaoi
28.3%

You're not logged in!

Compare scores with friends on all Sporcle quizzes.
OR
Log In

You Might Also Like...

Show Comments

Extras

Top Quizzes Today


Score Distribution

Your Account Isn't Verified!

In order to create a playlist on Sporcle, you need to verify the email address you used during registration. Go to your Sporcle Settings to finish the process.

Report this User

Report this user for behavior that violates our Community Guidelines.

Details: